English grammar : (Record no. 630)

MARC details
000 -LEADER
fixed length control field 00590nam a22002057a 4500
005 - DATE AND TIME OF LATEST TRANSACTION
control field 20250420134819.0
008 - FIXED-LENGTH DATA ELEMENTS--GENERAL INFORMATION
fixed length control field 200816b ||||| |||| 00| 0 eng d
020 ## - INTERNATIONAL STANDARD BOOK NUMBER
International Standard Book Number 9781137507396
040 ## - CATALOGING SOURCE
Transcribing agency KCST
082 ## - DEWEY DECIMAL CLASSIFICATION NUMBER
Classification number 425
Item number Co En
100 ## - MAIN ENTRY--PERSONAL NAME
Personal name Collins, Peter,
Dates associated with a name 1950-
9 (RLIN) 5129
245 ## - TITLE STATEMENT
Title English grammar :
Remainder of title an introduction /
Statement of responsibility, etc. Peter Collins; Carmella Hollo
250 ## - EDITION STATEMENT
Edition statement 3rd edition
260 ## - PUBLICATION, DISTRIBUTION, ETC.
Place of publication, distribution, etc. Basingstoke, Hampshire :
Name of publisher, distributor, etc. Palgrave Macmillan,
Date of publication, distribution, etc. 2017.
300 ## - PHYSICAL DESCRIPTION
Extent 306 p.
650 ## - SUBJECT ADDED ENTRY--TOPICAL TERM
Topical term or geographic name entry element English language
Form subdivision Grammar.
9 (RLIN) 5130
700 ## - ADDED ENTRY--PERSONAL NAME
Personal name Hollo, Carmella
9 (RLIN) 5131
942 ## - ADDED ENTRY ELEMENTS (KOHA)
Koha item type Book
942 ## - ADDED ENTRY ELEMENTS (KOHA)
Source of classification or shelving scheme Dewey Decimal Classification
Holdings
Withdrawn status Lost status Source of classification or shelving scheme Damaged status Not for loan Home library Current library Date acquired Cost, normal purchase price Total checkouts Full call number Barcode Date last seen Price effective from Koha item type
    Dewey Decimal Classification     KCST Library KCST Library 16/08/2020 8.13   425 Co En 1000000596 16/08/2020 16/08/2020 Book
© 2025 KCST. All rights reserved